Retrouvez l'état américain grâce à des images de film. - Statistiques

Statistiques générales
  • Ce quiz a été pris 8 fois
  • Le résultat moyen est 7 sur 50
Statistiques - réponses
Par images Réponse % Correct
Hawaï
88%
Floride
63%
Alabama
38%
Californie
38%
Dakota du Sud
38%
Kansas
38%
Nevada
38%
New York
38%
Pennsylvanie
38%
Géorgie
25%
Maine
25%
Massachusetts
25%
Texas
25%
Utah
25%
Alaska
13%
Arizona
13%
Dakota du Nord
13%
Kentucky
13%
Louisiane
13%
Michigan
13%
Mississippi
13%
Oklahoma
13%
Rhode Island
13%
Washington
13%
Arkansas
0%
Caroline du Nord
0%
Caroline du Sud
0%
Colorado
0%
Connecticut
0%
Delaware
0%
Idaho
0%
Illinois
0%
Indiana
0%
Iowa
0%
Maryland
0%
Minnesota
0%
Missouri
0%
Montana
0%
Nebraska
0%
New Hampshire
0%
New Jersey
0%
Nouveau-Mexique
0%
Ohio
0%
Oregon
0%
Tennessee
0%
Vermont
0%
Virginie
0%
Virginie-Occidentale
0%
Wisconsin
0%
Wyoming
0%
Aucun quiz correspondant
Distribution des résultats
% des personnes avec chaque résultat
Percentile par nombre de réponses
Votre historique - résultats
Vous n’avez pas pris ce quiz